Magická kapustová polievka kultová kniha

Bibliographic Details
Main Author: Grillparzer, Marion, 1961- (Author)
Other Authors: Tvarožková, Ľuba (Translator)
Format: Book
Language:Slovak
German
PhysicalDescription:120 strán farebné fotografie 22 cm
Published: Bratislava Ikar 2004
ISBN:8055107866
Edition:[1. vyd.]
Subjects:

MARC

LEADER 00000cam a2200000 a 4500
001 vtls001476331
003 SK-MaSNL
005 20260301182838.0
008 240226s2004 xo o grf 001 0 slo
015 |a SNBA2006/01-00516 
020 |a 8055107866  |q (brožované) 
035 |a SNK000431632 
035 |a urn:nbn:sk:snk-am3ixsi 
035 |a 04B7A2A1-745C-4FB4-AF8A-470361A5E1C8 
035 |a urn:nbn:sk:snk-am00g60z 
040 |a SNK  |b slo  |c SNK  |e AACR2 
041 1 |a slo  |h ger 
044 |a xo  |c SK 
072 7 |a 641  |x Kuchárstvo. Potraviny. Varené jedlá  |2 konspekt 
080 |a 615.874.24  |2 2011 
080 |a 641.563  |2 2011 
080 |a (083.12)  |2 2011 
080 |a (035)  |2 2011 
080 |a 613  |2 2011 
080 |a 613.24  |2 2011 
100 1 |a Grillparzer, Marion,  |d 1961-  |4 aut  |9 240234 
240 1 4 |a Die magische Kohlsuppe  |l Slovensky 
245 1 0 |a Magická kapustová polievka  |b kultová kniha  |c Marion Grillparzerová ; [z nemeckého originálu preložila Ľuba Tvarožková] 
250 |a [1. vyd.] 
260 |a Bratislava  |b Ikar  |c 2004 
300 |b 120 strán  |c farebné fotografie  |e 22 cm 
504 |a Obsahuje register 
650 0 7 |a redukcia telesnej hmotnosti  |2 SNKPH  |9 66799 
650 0 7 |a životospráva  |2 SNKPH  |9 23728 
650 0 7 |a diétne jedlá  |2 SNKPH  |9 1615 
650 0 7 |a redukčné diéty  |2 SNKPH  |9 1801 
655 7 |a kuchárske recepty  |2 SNKPH  |9 70493 
655 7 |a príručky  |2 SNKPH  |9 74364 
700 1 |a Tvarožková, Ľuba  |4 trl  |9 11153 
919 |a 80-551-0786-6 
958 |a OP 
958 |a OND 
968 |b DT 
999 |c 855015  |d 856945 
952 |t P60, <03>, [BOOK], {603}, -K-  |a SNK  |b SNK  |y PREZ  |7 0  |p 17A0432685  |o snkSC 116120  |i snkKSP 7681/2004  |0 0  |1 0  |4 0  |d 2004-06-08  |f 1  |l 0  |r 2025-10-16 00:00:00  |w 2026-02-24 
952 |t P60, <04>, [BOOK], {604}  |a SNK  |b SNK  |y VYP  |7 0  |p 17A0435042  |o snkSC 116120 D1  |i snkKSP 8370/2004  |0 0  |1 0  |4 0  |d 2004-06-28  |l 0  |r 2005-01-02 00:00:00  |w 2026-02-24